000 00971nam a2200229Ia 4500
008 130821s2011 xxu gr eng
020 _a9781586488918
040 _aCo-BoUCM
_bspa
041 0 0 _aeng
100 1 _aNye, Joseph S.
_938341
245 1 4 _aThe future of power
_cJoseph S. Nye.
260 _aNueva York (Estados Unidos)
_bPublicAffairs
_c2011
300 _axviii, 300 páginas
504 _aIncluye bibliografía e índice.
505 _aTypes of power. -- What is power in global affairs?. -- Military power. -- Economic power. -- Soft power. -- Power shifts : diffusion and transitions. -- Diffusion and cyber power. -- Power transition : the question of American decline. -- Part III : policy. -- Smart power..
650 0 4 _aConcentración del poder
_911439
650 0 4 _aDerecho y política
_912847
650 0 4 _aPoder
_921752
650 0 4 _aSociología
_9386
942 _cLIBRO
_a5
_e1
_mN994f
_2DEWEY
_h303.33
999 _c36880
_d36880